[Event "Winnipeg TNT March op"]
[Site "Winnipeg CAN"]
[Date "2011.03.22"]
[Round "4"]
[White "Afolabi, Damola"]
[Black "Trueman, Francis"]
[Result "1-0"]
[WhiteElo "1484"]
[BlackElo "1504"]
[PlyCount "102"]
[GameId "2160767909795737"]
[EventDate "2011.03.01"]
[EventType "swiss"]
[EventRounds "5"]
[EventCountry "CAN"]
[SourceTitle "EXT 2022"]
[Source "ChessBase"]
[SourceDate "2021.10.06"]
[SourceVersion "1"]
[SourceVersionDate "2021.10.06"]
[SourceQuality "1"]

1. e4 d6 2. Nf3 Nf6 3. Bb5+ c6 4. Bd3 g6 5. e5 dxe5 6. Nxe5 Qd5 7. Nf3 e5 8. Nc3 Qd6 9. O-O Bg7 10. Nxe5 Be6 11. Re1 O-O 12. Nf3 Nbd7 13. Ne4 Qc7 14. Neg5 Bg4 15. h3 Bxf3 16. Nxf3 Qb6 17. c3 Rad8 18. b4 Nh5 19. a4 Ndf6 20. Qc2 Nd5 21. Rb1 Qc7 22. Ba3 b6 23. Bc4 Nhf4 24. Bxd5 Rxd5 25. b5 c5 26. d4 Rf5 27. dxc5 Nxh3+ 28. gxh3 Rxf3 29. Re3 Rxe3 30. fxe3 Qg3+ 31. Kf1 Qxh3+ 32. Ke2 Rd8 33. Rf1 Bh6 34. Rf3 Qg4 35. c6 Re8 36. Qd3 Rxe3+ 37. Qxe3 Bxe3 38. Kxe3 Qe6+ 39. Kd4 h5 40. Re3 Qf6+ 41. Kd3 Qf5+ 42. Kd2 Qd5+ 43. Kc1 Qd8 44. Re7 Qd5 45. c7 Qc4 46. Re8+ Kg7 47. c8=Q Qf1+ 48. Kb2 Qf2+ 49. Kb3 Kh6 50. Bc1+ g5 51. Rh8+ Kg6 1-0

[Event "Winnipeg TNT March op"]
[Site "Winnipeg CAN"]
[Date "2011.03.22"]
[Round "4"]
[White "Campbell, Gary"]
[Black "Milward, David"]
[Result "1-0"]
[WhiteElo "1724"]
[BlackElo "1676"]
[PlyCount "71"]
[GameId "2160767909795739"]
[EventDate "2011.03.01"]
[EventType "swiss"]
[EventRounds "5"]
[EventCountry "CAN"]

1. d4 Nf6 2. c4 g6 3. Nc3 Bg7 4. e4 d6 5. Be2 O-O 6. Nf3 e5 7. O-O Nc6 8. d5 Ne7 9. Ne1 Ne8 10. Be3 f5 11. f3 f4 12. Bf2 g5 13. b4 Ng6 14. c5 Rf7 15. Rc1 Bf8 16. Nd3 h5 17. cxd6 cxd6 18. Nb5 Rg7 19. Nxa7 Rxa7 20. Bxa7 g4 21. Bf2 Nh4 22. Bxh4 Qxh4 23. Rxc8 Nf6 24. Rc4 gxf3 25. Bxf3 Ng4 26. Bxg4 hxg4 27. Ne1 Rh7 28. h3 gxh3 29. g4 Qg3+ 30. Kh1 Rg7 31. Rg1 Qe3 32. Qf3 Qd2 33. Rc2 Qxb4 34. g5 Be7 35. g6 Bh4 36. Rc8+ 1-0

[Event "Winnipeg TNT March op"]
[Site "Winnipeg CAN"]
[Date "2011.03.22"]
[Round "4"]
[White "Mundwiler, Les"]
[Black "Wolchock, Theo"]
[Result "1-0"]
[WhiteElo "2026"]
[BlackElo "1635"]
[PlyCount "59"]
[GameId "2160767909795741"]
[EventDate "2011.03.01"]
[EventType "swiss"]
[EventRounds "5"]
[EventCountry "CAN"]
[SourceTitle "EXT 2022"]
[Source "ChessBase"]
[SourceDate "2021.10.06"]
[SourceVersion "1"]
[SourceVersionDate "2021.10.06"]
[SourceQuality "1"]

1. e4 c5 2. Nf3 Nc6 3. d4 cxd4 4. Nxd4 Nf6 5. Nc3 d6 6. Be2 g6 7. O-O Bg7 8. Be3 O-O 9. Bf3 Bd7 10. h3 Rc8 11. g4 a6 12. Nce2 Ne5 13. Bg2 Qc7 14. b3 Bc6 15. Ng3 Rfd8 16. g5 Ne8 17. f4 Nd7 18. Qe1 e5 19. Nxc6 Qxc6 20. f5 Qxc2 21. Rd1 Qxa2 22. Rd2 Qxb3 23. Qf2 Kh8 24. Rb2 Qa3 25. Rxb7 Rc3 26. fxg6 fxg6 27. Qf7 Qa4 28. Bb6 Nxb6 29. Qf8+ Bxf8 30. Rxf8# 1-0

[Event "Winnipeg TNT March op"]
[Site "Winnipeg CAN"]
[Date "2011.03.22"]
[Round "4"]
[White "Murphy, Brent"]
[Black "Reimer, Bruce"]
[Result "0-1"]
[WhiteElo "1698"]
[BlackElo "1618"]
[PlyCount "64"]
[GameId "2160767909795742"]
[EventDate "2011.03.01"]
[EventType "swiss"]
[EventRounds "5"]
[EventCountry "CAN"]
[SourceTitle "EXT 2022"]
[Source "ChessBase"]
[SourceDate "2021.10.06"]
[SourceVersion "1"]
[SourceVersionDate "2021.10.06"]
[SourceQuality "1"]

1. c4 e5 2. Nc3 Nc6 3. e3 f5 4. g3 Nf6 5. Bg2 Bc5 6. Nge2 a6 7. O-O O-O 8. b3 d6 9. f4 Nb4 10. Bb2 Nd3 11. Qc2 e4 12. Nd5 Nxd5 13. cxd5 b5 14. Nc1 Nxb2 15. Qxb2 Bb7 16. b4 Bb6 17. Qb3 Qf6 18. Ne2 a5 19. Nc3 axb4 20. Qxb4 Ba5 21. Qxb5 Bxc3 22. dxc3 Ba6 23. Qc6 Bxf1 24. Bxf1 Ra3 25. Qxc7 Rxc3 26. Qa7 Rxe3 27. Qxe3 Qxa1 28. Qa3 Qd4+ 29. Kg2 Qxd5 30. Qa4 e3+ 31. Kh3 Qf3 32. Bg2 Qh5# 0-1

[Event "Winnipeg TNT March op"]
[Site "Winnipeg CAN"]
[Date "2011.03.29"]
[Round "5"]
[White "Evans, Brian"]
[Black "Murphy, Brent"]
[Result "1/2-1/2"]
[WhiteElo "1572"]
[BlackElo "1698"]
[PlyCount "99"]
[GameId "2160767909795743"]
[EventDate "2011.03.01"]
[EventType "swiss"]
[EventRounds "5"]
[EventCountry "CAN"]
[SourceTitle "EXT 2022"]
[Source "ChessBase"]
[SourceDate "2021.10.06"]
[SourceVersion "1"]
[SourceVersionDate "2021.10.06"]
[SourceQuality "1"]

1. e4 c5 2. Nf3 Nc6 3. d4 cxd4 4. Nxd4 Nxd4 5. Qxd4 e6 6. Nc3 b6 7. Bc4 Bc5 8. Qxg7 Qf6 9. Qxf6 Nxf6 10. h3 Bb7 11. f3 h5 12. Bg5 Be7 13. e5 Nh7 14. Bxe7 Kxe7 15. O-O-O h4 16. Rd4 Nf8 17. Rhd1 Bc6 18. Bb5 Bxb5 19. Nxb5 a5 20. Rd6 Rh5 21. f4 Rb8 22. Nc3 Rb7 23. Na4 b5 24. Rb6 Rxb6 25. Nxb6 Kd8 26. c4 Kc7 27. Rd6 Rf5 28. cxb5 Rxf4 29. Na8+ Kb7 30. Ra6 Re4 31. Rxa5 Rxe5 32. Ra4 Rxb5 33. Rxh4 Kxa8 34. Rh8 Rb8 35. Rg8 Ng6 36. Rxb8+ Kxb8 37. g3 f5 38. Kd2 Kc7 39. h4 Ne5 40. h5 Ng4 41. b4 e5 42. Ke2 d5 43. a4 Kb6 44. Kf3 Nh6 45. Ke3 Ng4+ 46. Kf3 Nh2+ 47. Kg2 Ng4 48. Kf3 d4 49. Ke2 e4 50. Kd2 1/2-1/2

[Event "Winnipeg TNT March op"]
[Site "Winnipeg CAN"]
[Date "2011.03.29"]
[Round "5"]
[White "Mundwiler, Les"]
[Black "Lipic, Stephen"]
[Result "0-1"]
[WhiteElo "2026"]
[BlackElo "1835"]
[PlyCount "104"]
[GameId "2160767909795744"]
[EventDate "2011.03.01"]
[EventType "swiss"]
[EventRounds "5"]
[EventCountry "CAN"]
[SourceTitle "EXT 2022"]
[Source "ChessBase"]
[SourceDate "2021.10.06"]
[SourceVersion "1"]
[SourceVersionDate "2021.10.06"]
[SourceQuality "1"]

1. e4 c6 2. d4 d5 3. Nc3 dxe4 4. Nxe4 Nf6 5. Nxf6+ gxf6 6. Bf4 Bf5 7. c3 Nd7 8. Bc4 e6 9. Nf3 Nb6 10. Bb3 Nd5 11. Qd2 Bd6 12. Bh6 Rg8 13. Nh4 Bg6 14. f4 Be4 15. Rf1 Rg4 16. g3 f5 17. Bd1 Rg8 18. Be2 a5 19. a3 Be7 20. Bf3 Bxh4 21. Bxe4 fxe4 22. Qe2 Be7 23. f5 Qd7 24. c4 Nf6 25. fxe6 Qxe6 26. d5 Qg4 27. Qe3 Nh5 28. Bf4 Nxf4 29. Rxf4 Qg5 30. dxc6 bxc6 31. Qxe4 Qg6 32. Qe2 O-O-O 33. Kf1 Qd3 34. Rxf7 Rgf8 35. Rxf8 Rxf8+ 36. Ke1 Qxe2+ 37. Kxe2 Bc5 38. b4 axb4 39. axb4 Bxb4 40. Ra7 Re8+ 41. Kf3 Re7 42. Ra8+ Kd7 43. Kg4 Kd6 44. Rb8 Kc5 45. Rc8 Re6 46. Kf5 Rd6 47. g4 Kxc4 48. h4 Kd3 49. g5 c5 50. Rc7 c4 51. Rxh7 c3 52. g6 c2 0-1

[Event "Winnipeg TNT March op"]
[Site "Winnipeg CAN"]
[Date "2011.03.29"]
[Round "5"]
[White "Reimer, Bruce"]
[Black "Afolabi, Damola"]
[Result "1/2-1/2"]
[WhiteElo "1618"]
[BlackElo "1484"]
[PlyCount "121"]
[GameId "2160767909795746"]
[EventDate "2011.03.01"]
[EventType "swiss"]
[EventRounds "5"]
[EventCountry "CAN"]
[SourceTitle "EXT 2022"]
[Source "ChessBase"]
[SourceDate "2021.10.06"]
[SourceVersion "1"]
[SourceVersionDate "2021.10.06"]
[SourceQuality "1"]

1. c4 e5 2. g3 Nf6 3. Bg2 Bc5 4. e3 O-O 5. Nc3 c6 6. Nge2 d5 7. cxd5 cxd5 8. d4 exd4 9. exd4 Bb4 10. O-O Bxc3 11. Nxc3 Re8 12. Bg5 Be6 13. Bxf6 Qxf6 14. Nxd5 Bxd5 15. Bxd5 Nc6 16. b3 Rad8 17. Bxc6 bxc6 18. Re1 Re6 19. Rxe6 fxe6 20. Rc1 e5 21. Qc2 exd4 22. Qxc6 Qf8 23. Qc4+ Kh8 24. Rd1 Qd6 25. Rd3 h6 26. a4 Qb8 27. Rxd4 Rc8 28. Qf7 Qa8 29. Qd5 Rc1+ 30. Kg2 Qxd5+ 31. Rxd5 Rc3 32. b4 Rc4 33. Rb5 a6 34. Rb6 a5 35. bxa5 Rxa4 36. a6 Kh7 37. h4 h5 38. f3 Ra5 39. g4 hxg4 40. fxg4 Ra3 41. h5 g5 42. hxg6+ Kg7 43. Rb7+ Kxg6 44. a7 Kg5 45. Rg7+ Kf6 46. Rb7 Kg5 47. Rg7+ Kf6 48. Rg8 Rxa7 49. Kh3 Rg7 50. Rf8+ Kg6 51. Rd8 Rf7 52. Rd6+ Kg5 53. Rd5+ Kg6 54. Kh4 Rh7+ 55. Rh5 Rxh5+ 56. gxh5+ Kh6 57. Kg4 Kh7 58. Kg5 Kh8 59. Kg6 Kg8 60. h6 Kh8 61. h7 1/2-1/2

[Event "Winnipeg TNT March op"]
[Site "Winnipeg CAN"]
[Date "2011.03.29"]
[Round "5"]
[White "Wolchock, Theo"]
[Black "Campbell, Gary"]
[Result "0-1"]
[WhiteElo "1635"]
[BlackElo "1724"]
[PlyCount "83"]
[GameId "2160767909795748"]
[EventDate "2011.03.01"]
[EventType "swiss"]
[EventRounds "5"]
[EventCountry "CAN"]
[SourceTitle "EXT 2022"]
[Source "ChessBase"]
[SourceDate "2021.10.06"]
[SourceVersion "1"]
[SourceVersionDate "2021.10.06"]
[SourceQuality "1"]

1. c4 b6 2. Nc3 Bb7 3. Nf3 c5 4. g3 Nf6 5. Bg2 g6 6. O-O Bg7 7. d3 O-O 8. Bd2 d6 9. Rc1 Nc6 10. Be3 Ng4 11. Bg5 Nge5 12. Nxe5 dxe5 13. Qd2 Qd7 14. Bh6 Bxh6 15. Qxh6 Rad8 16. Ne4 Nd4 17. Rce1 Bxe4 18. Bxe4 Nc2 19. Rd1 Nd4 20. e3 Nc6 21. Qg5 f6 22. Qh6 f5 23. Bg2 Nb4 24. Rd2 Rf6 25. Rfd1 Rd6 26. a3 Na6 27. Qg5 Nc7 28. Qh4 Ne8 29. Qg5 Nf6 30. f4 e4 31. d4 cxd4 32. Rxd4 Qc7 33. Rxd6 Rxd6 34. Rxd6 Qxd6 35. Bh3 Qd1+ 36. Kg2 Qe2+ 37. Kh1 Kf7 38. b4 Qxe3 39. Qh4 Qf2 40. a4 e3 41. b5 e2 42. Bg2 0-1

[Event "Winnipeg TNT May op"]
[Site "Winnipeg CAN"]
[Date "2011.05.03"]
[Round "1"]
[White "Boron, Anthony"]
[Black "Trueman, Francis"]
[Result "1-0"]
[WhiteElo "1985"]
[BlackElo "1469"]
[PlyCount "57"]
[GameId "2160767909704629"]
[EventDate "2011.05.03"]
[EventType "swiss"]
[EventRounds "5"]
[EventCountry "CAN"]
[SourceTitle "EXT 2022"]
[Source "ChessBase"]
[SourceDate "2021.10.06"]
[SourceVersion "1"]
[SourceVersionDate "2021.10.06"]
[SourceQuality "1"]

1. d4 Nf6 2. Nf3 d6 3. Nc3 g6 4. e4 Bg7 5. Be3 O-O 6. Qd2 Nbd7 7. O-O-O e5 8. dxe5 dxe5 9. Bh6 c6 10. Bxg7 Kxg7 11. Nxe5 Qe7 12. Nxd7 Bxd7 13. f3 Rad8 14. Qf2 a5 15. Qb6 Ra8 16. Bc4 Rfb8 17. a3 Be8 18. h4 Kg8 19. h5 Nxh5 20. g4 Qg5+ 21. Kb1 Nf6 22. Ne2 Qe5 23. Rh3 Bd7 24. Qe3 b5 25. Ba2 Nxg4 26. fxg4 Bxg4 27. Rh4 h5 28. Rf1 Ra7 29. Qxa7 1-0

[Event "Winnipeg TNT May op"]
[Site "Winnipeg CAN"]
[Date "2011.05.03"]
[Round "1"]
[White "Evans, Brian"]
[Black "Kaptsan, Aron"]
[Result "0-1"]
[WhiteElo "1556"]
[BlackElo "2002"]
[PlyCount "98"]
[GameId "2160767909704630"]
[EventDate "2011.05.03"]
[EventType "swiss"]
[EventRounds "5"]
[EventCountry "CAN"]
[SourceTitle "EXT 2022"]
[Source "ChessBase"]
[SourceDate "2021.10.06"]
[SourceVersion "1"]
[SourceVersionDate "2021.10.06"]
[SourceQuality "1"]

1. e4 e5 2. Nf3 Nc6 3. Bb5 a6 4. Ba4 Nf6 5. O-O Be7 6. Re1 b5 7. Bb3 d6 8. h3 O-O 9. c3 Nb8 10. d4 Nbd7 11. Bg5 Bb7 12. Bc2 h6 13. Bxf6 Bxf6 14. Qd3 c5 15. d5 g6 16. Qe3 Bg7 17. Nbd2 c4 18. b3 cxb3 19. axb3 Qc7 20. c4 b4 21. Ra4 Nc5 22. Ra2 a5 23. Rea1 Ra7 24. Ne1 Rfa8 25. Nd3 Nxd3 26. Bxd3 Bc8 27. Nf3 Bd7 28. Bc2 Kh7 29. Ne1 Bf6 30. Nd3 Bg5 31. Qe2 Qb6 32. Kh2 Kg7 33. g3 Qd4 34. h4 Bd8 35. Qe3 Qxe3 36. fxe3 Bb6 37. Re1 f5 38. exf5 gxf5 39. Nb2 e4 40. Na4 Bxa4 41. Rxa4 Kf6 42. Bd1 Rg8 43. Ra2 Ke5 44. Rg2 Rc7 45. Kg1 a4 46. bxa4 Rxc4 47. Rb2 Rxg3+ 48. Kf2 Rh3 49. h5 Rh2+ 0-1

[Event "Winnipeg TNT May op"]
[Site "Winnipeg CAN"]
[Date "2011.05.03"]
[Round "1"]
[White "Li, Kevin"]
[Black "Pearce, Thomas"]
[Result "1-0"]
[WhiteElo "2239"]
[BlackElo "1712"]
[PlyCount "78"]
[GameId "2160767909704632"]
[EventDate "2011.05.03"]
[EventType "swiss"]
[EventRounds "5"]
[EventCountry "CAN"]
[SourceTitle "EXT 2022"]
[Source "ChessBase"]
[SourceDate "2021.10.06"]
[SourceVersion "1"]
[SourceVersionDate "2021.10.06"]
[SourceQuality "1"]

1. e4 c5 2. Nf3 Nc6 3. d4 e6 4. d5 Na5 5. c4 d6 6. Nc3 a6 7. a3 b6 8. Bd3 e5 9. Be3 h6 10. h3 Nf6 11. Nd2 Be7 12. Qe2 O-O 13. b4 Nb7 14. Bc2 Nh7 15. O-O Bd7 16. Rab1 Qc7 17. Rfc1 Rae8 18. Ba4 Bg5 19. Bxd7 Qxd7 20. bxc5 bxc5 21. Rb6 f5 22. exf5 Rxf5 23. Rcb1 Bxe3 24. Rxb7 Bxf2+ 25. Qxf2 Rxf2 26. Rxd7 Rxd2 27. Ne4 Nf6 28. Nxd2 Nxd7 29. Ne4 Rb8 30. Rxb8+ Nxb8 31. Nxd6 Nd7 32. Kf2 Kf8 33. Ke3 Ke7 34. Ne4 Nb6 35. Kd3 Na4 36. Kc2 Nb6 37. Kb3 Nd7 38. Kc3 a5 39. Kb3 Kf7 1-0

[Event "Winnipeg TNT May op"]
[Site "Winnipeg CAN"]
[Date "2011.05.03"]
[Round "1"]
[White "Mundwiler, Les"]
[Black "Milord, Frank"]
[Result "0-1"]
[WhiteElo "2071"]
[BlackElo "1655"]
[PlyCount "119"]
[GameId "2160767909704633"]
[EventDate "2011.05.03"]
[EventType "swiss"]
[EventRounds "5"]
[EventCountry "CAN"]
[SourceTitle "EXT 2022"]
[Source "ChessBase"]
[SourceDate "2021.10.06"]
[SourceVersion "1"]
[SourceVersionDate "2021.10.06"]
[SourceQuality "1"]

1. e4 e5 2. c4 Nf6 3. Nc3 Nc6 4. Nge2 Bc5 5. Ng3 O-O 6. Be2 d6 7. h3 Nd4 8. Bg4 c6 9. d3 Be6 10. Nf5 Bxf5 11. exf5 h6 12. Ne2 Nxe2 13. Qxe2 e4 14. dxe4 Nxe4 15. Be3 Qa5+ 16. Kf1 Rfe8 17. Qe1 Bb4 18. Qc1 Bd2 19. Bxd2 Qxd2 20. Be2 Qd4 21. Qe1 Nd2+ 22. Kg1 Nxc4 23. Qf1 Ne3 24. fxe3 Qxe3+ 25. Qf2 Qxe2 26. Qg3 Qe3+ 27. Qf2 d5 28. Rf1 f6 29. Kh2 d4 30. Qc2 Qe5+ 31. Kg1 Qd5 32. Rf4 d3 33. Qc3 d2 34. Kh2 Rad8 35. Rd1 Re2 36. Qg3 Qe5 37. Rff1 Qxg3+ 38. Kxg3 Rde8 39. Rf3 Rd8 40. Rff1 Rd3+ 41. Rf3 Rd4 42. Rff1 c5 43. Kf3 Rde4 44. b3 R2e3+ 45. Kf2 Rd3 46. Kg1 b5 47. Rf2 Red4 48. Re2 Kf7 49. Re6 c4 50. Ra6 Rd7 51. bxc4 bxc4 52. Rc6 c3 53. Kf2 Re7 54. a4 Rde3 55. Rb1 Re1 56. Rb8 d1=Q 57. Rcc8 Rf1+ 58. Kg3 Qd6+ 59. Kh4 Qxb8 60. Rxb8 0-1

[Event "Winnipeg TNT May op"]
[Site "Winnipeg CAN"]
[Date "2011.05.03"]
[Round "1"]
[White "Reimer, Bruce"]
[Black "Babb, Jeff"]
[Result "0-1"]
[WhiteElo "1660"]
[BlackElo "2218"]
[PlyCount "102"]
[GameId "2160767909704634"]
[EventDate "2011.05.03"]
[EventType "swiss"]
[EventRounds "5"]
[EventCountry "CAN"]
[SourceTitle "EXT 2022"]
[Source "ChessBase"]
[SourceDate "2021.10.06"]
[SourceVersion "1"]
[SourceVersionDate "2021.10.06"]
[SourceQuality "1"]

1. c4 Nf6 2. g3 g6 3. Bg2 Bg7 4. Nc3 d6 5. e4 Nc6 6. Nge2 e5 7. O-O O-O 8. d3 h6 9. Be3 a6 10. Kh1 Ng4 11. Qd2 Rb8 12. a4 Na5 13. Ra3 c5 14. f3 Nxe3 15. Qxe3 Be6 16. Rb1 Bxc4 17. b4 cxb4 18. Rxb4 Be6 19. Ra1 Nc6 20. Rb6 Nd4 21. Rab1 Qd7 22. Qd2 Nxe2 23. Qxe2 Rbc8 24. Rxb7 Qc6 25. Nd1 Qxa4 26. h4 Rc2 27. Qf1 Rfc8 28. Ne3 R2c3 29. Bh3 Bxh3 30. Qxh3 Rc1+ 31. Rxc1 Rxc1+ 32. Kh2 Qa1 33. Qg2 Qd4 34. Qa2 d5 35. Qxd5 Qxd5 36. Nxd5 Rd1 37. Rb3 Rc1 38. Ra3 Rd1 39. Rxa6 Rxd3 40. Kg2 Rd2+ 41. Kf1 Bf8 42. Nf6+ Kg7 43. Ng4 Bd6 44. Ke1 Rd4 45. Ne3 Bb4+ 46. Kf1 Rd3 47. Ke2 Rd2+ 48. Kf1 Bc5 49. Ng4 Bd4 50. Ra5 h5 51. Nxe5 Rf2+ 0-1

[Event "Winnipeg TNT May op"]
[Site "Winnipeg CAN"]
[Date "2011.05.03"]
[Round "1"]
[White "Schulz, Waldemar"]
[Black "Le Dorze, Philippe"]
[Result "1-0"]
[WhiteElo "2044"]
[BlackElo "1601"]
[PlyCount "55"]
[GameId "2160767909704636"]
[EventDate "2011.05.03"]
[EventType "swiss"]
[EventRounds "5"]
[EventCountry "CAN"]
[SourceTitle "EXT 2022"]
[Source "ChessBase"]
[SourceDate "2021.10.06"]
[SourceVersion "1"]
[SourceVersionDate "2021.10.06"]
[SourceQuality "1"]

1. d4 e6 2. c4 d5 3. g3 Nf6 4. Bg2 c5 5. Nf3 Bd7 6. O-O Bd6 7. Nc3 Bc6 8. Bg5 h6 9. Bxf6 Qxf6 10. cxd5 Bd7 11. Ne4 Qe7 12. Nxd6+ Qxd6 13. dxc5 Qxc5 14. Ne5 Qd6 15. Nxf7 Kxf7 16. dxe6+ Kxe6 17. Qxd6+ Kxd6 18. Bxb7 Bc6 19. Rfd1+ Kc7 20. Bxa8 Bxa8 21. Rac1+ Kb6 22. Rd6+ Nc6 23. b4 Re8 24. a4 a6 25. Kf1 Re7 26. Rc4 Kc7 27. Rdxc6+ Bxc6 28. b5 1-0

[Event "Winnipeg TNT May op"]
[Site "Winnipeg CAN"]
[Date "2011.05.03"]
[Round "1"]
[White "Wolchock, Joe"]
[Black "Czypinski, Jaroslaw"]
[Result "0-1"]
[WhiteElo "1388"]
[BlackElo "1943"]
[PlyCount "46"]
[GameId "2160767909704637"]
[EventDate "2011.05.03"]
[EventType "swiss"]
[EventRounds "5"]
[EventCountry "CAN"]
[SourceTitle "EXT 2022"]
[Source "ChessBase"]
[SourceDate "2021.10.06"]
[SourceVersion "1"]
[SourceVersionDate "2021.10.06"]
[SourceQuality "1"]

1. e4 d5 2. Nc3 d4 3. Nce2 e5 4. Nf3 Nc6 5. Ng3 Bg4 6. h3 Bxf3 7. Qxf3 Nb4 8. Qd1 d3 9. cxd3 Nxd3+ 10. Bxd3 Qxd3 11. Qe2 O-O-O 12. Qxd3 Rxd3 13. O-O Bc5 14. b3 Rxg3 15. Kh2 Rd3 16. Rb1 Nf6 17. Rd1 Bxf2 18. Bb2 Bg3+ 19. Kg1 Nxe4 20. Rbc1 Rhd8 21. Rc4 Nxd2 22. Rdc1 Nxc4 23. Rxc4 Rd1# 0-1

[Event "Winnipeg TNT May op"]
[Site "Winnipeg CAN"]
[Date "2011.05.03"]
[Round "1"]
[White "Wolchock, Theo"]
[Black "Moncal, Nilo"]
[Result "0-1"]
[WhiteElo "1640"]
[BlackElo "2056"]
[PlyCount "58"]
[GameId "2160767909704638"]
[EventDate "2011.05.03"]
[EventType "swiss"]
[EventRounds "5"]
[EventCountry "CAN"]
[SourceTitle "EXT 2022"]
[Source "ChessBase"]
[SourceDate "2021.10.06"]
[SourceVersion "1"]
[SourceVersionDate "2021.10.06"]
[SourceQuality "1"]

1. e4 e6 2. d4 c5 3. Nf3 cxd4 4. Nxd4 Nf6 5. Nc3 Bb4 6. Bd2 O-O 7. Bd3 Nc6 8. Nxc6 bxc6 9. O-O e5 10. a3 Be7 11. Bc4 d5 12. exd5 cxd5 13. Bb3 d4 14. Na2 h6 15. Nb4 Bb7 16. Re1 a5 17. Na2 Qc7 18. Nc1 a4 19. Ba2 Rfd8 20. Nd3 Bd6 21. Rb1 e4 22. Nb4 e3 23. fxe3 dxe3 24. Rxe3 Ne4 25. Re2 Bxh2+ 26. Kh1 Ng3+ 27. Kxh2 Nxe2+ 28. Kh1 Qe5 29. Nd3 Qh5# 0-1

[Event "Winnipeg TNT May op"]
[Site "Winnipeg CAN"]
[Date "2011.05.10"]
[Round "2"]
[White "Babb, Jeff"]
[Black "Boron, Anthony"]
[Result "1/2-1/2"]
[WhiteElo "2218"]
[BlackElo "1985"]
[PlyCount "98"]
[GameId "2160767909704639"]
[EventDate "2011.05.03"]
[EventType "swiss"]
[EventRounds "5"]
[EventCountry "CAN"]
[SourceTitle "EXT 2022"]
[Source "ChessBase"]
[SourceDate "2021.10.06"]
[SourceVersion "1"]
[SourceVersionDate "2021.10.06"]
[SourceQuality "1"]

1. f4 d5 2. e3 g6 3. Nf3 Bg7 4. Be2 Nh6 5. O-O O-O 6. c3 b6 7. b4 Nd7 8. Qb3 Bb7 9. a4 a5 10. b5 Nf5 11. Nd4 Nc5 12. Qc2 Nxd4 13. cxd4 Ne4 14. Bf3 Nd6 15. Nc3 e6 16. Ba3 Re8 17. Bxd6 Qxd6 18. Qb3 Rac8 19. Rab1 Kh8 20. Rfc1 f6 21. g3 Rg8 22. Ne2 f5 23. Rc3 Bf6 24. Rbc1 Rg7 25. R1c2 g5 26. Kf2 Be7 27. Qb1 Bd8 28. Qc1 g4 29. Bg2 Qb4 30. Qa1 Qd6 31. Nc1 Bf6 32. Nd3 Rd7 33. Qc1 Qe7 34. Bf1 Qg7 35. Ne5 Bxe5 36. fxe5 h5 37. Kg1 Qh7 38. Qe1 Rg7 39. Qf2 Rcg8 40. Bg2 Ba8 41. Qf4 Rc8 42. Rc1 Qg6 43. Kf2 Kh7 44. Bf1 Qh6 45. Bd3 Qxf4+ 46. exf4 Kg6 47. Rh1 Rh7 48. Rcc1 h4 49. Rhg1 h3 1/2-1/2

[Event "Winnipeg TNT May op"]
[Site "Winnipeg CAN"]
[Date "2011.05.10"]
[Round "2"]
[White "Baron, Cody"]
[Black "Wolchock, Theo"]
[Result "0-1"]
[WhiteElo "1242"]
[BlackElo "1640"]
[PlyCount "86"]
[GameId "2160767909704640"]
[EventDate "2011.05.03"]
[EventType "swiss"]
[EventRounds "5"]
[EventCountry "CAN"]
[SourceTitle "EXT 2022"]
[Source "ChessBase"]
[SourceDate "2021.10.06"]
[SourceVersion "1"]
[SourceVersionDate "2021.10.06"]
[SourceQuality "1"]

1. e3 c5 2. Nf3 Nc6 3. d3 Nf6 4. Nc3 d6 5. d4 cxd4 6. exd4 g6 7. d5 Nb8 8. Bf4 Bg7 9. Qe2 O-O 10. g3 Bg4 11. h3 Bf5 12. g4 Bd7 13. g5 Ne8 14. Ne4 Nc7 15. c4 Bf5 16. h4 Bxe4 17. Qxe4 Re8 18. h5 e6 19. hxg6 exd5 20. gxf7+ Kxf7 21. Qxe8+ Qxe8+ 22. Kd1 Kg8 23. Bxd6 Qe4 24. Be2 Ne6 25. Kd2 Nd4 26. Nxd4 Qxd4+ 27. Ke1 Nc6 28. Rd1 Qe4 29. f3 Qe3 30. Rd3 Qxg5 31. Rxd5 Qc1+ 32. Bd1 Re8+ 33. Kf2 Qxb2+ 34. Kf1 Qxa2 35. Rg5 Qxc4+ 36. Kg2 Qd4 37. Bb3+ Kh8 38. Bf7 Qd2+ 39. Kh3 Qxg5 40. Bxe8 Qh6+ 41. Kg2 Qxd6 42. Bxc6 Qxc6 43. Rd1 Qc2+ 0-1

[Event "Winnipeg TNT May op"]
[Site "Winnipeg CAN"]
[Date "2011.05.10"]
[Round "2"]
[White "Campbell, Gary"]
[Black "Schulz, Waldemar"]
[Result "1/2-1/2"]
[WhiteElo "1729"]
[BlackElo "2044"]
[PlyCount "94"]
[GameId "2160767909704641"]
[EventDate "2011.05.03"]
[EventType "swiss"]
[EventRounds "5"]
[EventCountry "CAN"]
[SourceTitle "EXT 2022"]
[Source "ChessBase"]
[SourceDate "2021.10.06"]
[SourceVersion "1"]
[SourceVersionDate "2021.10.06"]
[SourceQuality "1"]

1. d4 Nf6 2. c4 g6 3. Nc3 d5 4. cxd5 Nxd5 5. e4 Nxc3 6. bxc3 Bg7 7. Bc4 c5 8. Ne2 O-O 9. O-O Nc6 10. Be3 Qc7 11. Rc1 Rd8 12. Qd2 Na5 13. Bd3 c4 14. Bc2 b6 15. Bh6 Bh8 16. h4 Nb7 17. Qe3 e5 18. Qg3 Qe7 19. Bg5 f6 20. Be3 Nd6 21. dxe5 fxe5 22. h5 Qe6 23. f3 Bd7 24. Rcd1 Be8 25. Rd2 Nb7 26. Rfd1 Rxd2 27. Rxd2 Rd8 28. Rxd8 Nxd8 29. f4 Nc6 30. f5 Qf7 31. Qg4 Bg7 32. Ng3 gxh5 33. Qg5 Qf6 34. Bd1 b5 35. Nxh5 Qxg5 36. Bxg5 a5 37. f6 Bf8 38. Ng3 Bg6 39. Bg4 b4 40. Bd7 b3 41. axb3 cxb3 42. Bc1 Nd8 43. Nf5 Kf7 44. Ba4 Kxf6 45. Bxb3 Bxf5 46. exf5 Kxf5 47. Bc2+ e4 1/2-1/2